電車でGO!に収録されたことのある鉄道路線 - Statistics

General Stats
  • This quiz has been taken 94 times
  • The average score is 62 of 106
Answer Stats
シリーズ作品 路線名 収録区間 % Correct
電車でGO! 山手線 渋谷→東京
100%
電車でGO!2高速編3000番台/64 山手線 東京→新宿(内回り)
100%
電車でGO!プロフェッショナル仕様 山手線 渋谷→上野(内回り)
100%
電車でGO!FINAL 山手線 環状・両回り
100%
モバイル版 山手線 渋谷→東京(内回り)
100%
モバイル版 山手線 環状・外回り
100%
スマートフォン版 山手線 環状・両回り
100%
電車でGO! 特別編 ~復活!昭和の山手線~ 山手線 環状・両回り
100%
電車でGO!(AC新版) 山手線 原宿→上野・池袋→新宿(内回り)
100%
電車でGO!FINAL 東海道線 京都~神戸
94%
モバイル版 JR京都線 大阪→京都
94%
電車でGO!2高速編3000番台/64 東海道線 大阪→神戸
92%
電車でGO! 京浜東北線 品川→横浜
86%
電車でGO!2高速編 京浜東北線 横浜→上野
86%
電車でGO!プロフェッショナル仕様 京浜東北線 品川→上野/品川→横浜
86%
汽車でGO! 京浜東北線 品川→上野
86%
モバイル版 京浜東北線 蒲田→横浜
86%
モバイル版 京浜東北線 田端→品川
86%
電車でGO!(AC新版) 京浜東北線 品川→田端
86%
電車でGO! 山陰本線 亀岡→京都
84%
電車でGO!3通勤編 山陰本線 亀岡→京都
84%
電車でGO!プロフェッショナル仕様 JR嵯峨野線 亀岡→京都
84%
電車でGO! 東海道本線 京都→大阪
81%
電車でGO!3通勤編 山陽本線 神戸→西明石
81%
電車でGO!プロフェッショナル仕様 JR京都線 京都→大阪
81%
電車でGO!2高速編 東北新幹線 盛岡→新花巻
78%
電車でGO!プロフェッショナル仕様 東北新幹線 盛岡→新花巻
78%
電車でGO!山陽新幹線編 山陽新幹線 新大阪~博多
78%
電車でGO!2高速編 大阪環状線 大阪→天王寺(内回り)
77%
電車でGO!2高速編 鹿児島本線 博多→小倉
77%
電車でGO!プロフェッショナル仕様 大阪環状線 大阪→天王寺(内回り)
77%
電車でGO!プロフェッショナル仕様 鹿児島本線 博多→小倉
77%
電車でGO!3通勤編 鹿児島本線 鳥栖→博多
77%
電車でGO!プロフェッショナル2 鹿児島本線 博多~鳥栖
77%
電車でGO!FINAL 大阪環状線 環状・両回り
77%
モバイル版 大阪環状線 大阪→大正(内回り)
77%
電車でGO!(AC新版) 大阪環状線 森ノ宮→大阪(内回り)
77%
電車でGO!(AC新版) 中央・総武線各駅停車 市ケ谷→秋葉原
75%
電車でGO!2高速編 北越急行ほくほく線 犀潟→六日町
73%
電車でGO!プロフェッショナル仕様 北越急行ほくほく線 犀潟→六日町
73%
電車でGO!3通勤編 中央・総武緩行線 新宿→秋葉原
73%
電車でGO!名古屋鉄道編 名古屋鉄道名古屋本線 新名古屋→新岐阜
69%
モバイル版 名古屋鉄道名古屋本線 新名古屋→新岐阜
69%
電車でGO!(AC新版) 名古屋鉄道名古屋本線 神宮前→栄生
69%
電車でGO!名古屋鉄道編 名古屋鉄道犬山線 枇杷島分岐点→新鵜沼
68%
電車でGO!3通勤編 中央線快速 新宿→東京
68%
電車でGO!プロフェッショナル2 東海道本線 京都~山科
68%
電車でGO!プロフェッショナル2 北陸本線 近江塩津~敦賀
68%
電車でGO!FINAL 中央線 東京~高尾
68%
モバイル版 北陸本線 石動→金沢
68%
電車でGO!2高速編 秋田新幹線 秋田→盛岡
66%
電車でGO!プロフェッショナル仕様 秋田新幹線 秋田→盛岡
66%
電車でGO!プロフェッショナル仕様 上越線 六日町→越後湯沢
66%
電車でGO!山陽新幹線編 博多南線 博多~博多南
65%
モバイル版 中央線 中野→東京
65%
電車でGO!2高速編 信越本線 直江津→犀潟/横川駅構内
62%
電車でGO!プロフェッショナル仕様 信越本線 直江津→犀潟/横川駅構内
62%
汽車でGO! 信越本線 高崎→軽井沢
62%
電車でGO!プロフェッショナル2 湖西線 山科~近江塩津
60%
Train Simulator+電車でGO!東京急行編 東京急行電鉄東横線 桜木町~渋谷
60%
電車でGO!2高速編3000番台/64 奥羽本線 秋田→大曲
57%
電車でGO!プロフェッショナル仕様 奥羽本線 秋田→大曲
57%
電車でGO!プロフェッショナル2 瀬戸大橋線 岡山~高松
57%
電車でGO!プロフェッショナル2 湘南新宿ライン 横浜~大宮
56%
モバイル版 湘南新宿ライン 横浜→新宿
56%
電車でGO!(AC新版) 中央本線 大曽根→名古屋
56%
電車でGO!(AC新版) 阪神電気鉄道本線 大物→甲子園
55%
電車でGO!2高速編3000番台/64 田沢湖線 田沢湖→盛岡
53%
電車でGO!プロフェッショナル仕様 田沢湖線 大曲→盛岡
53%
電車でGO!プロフェッショナル2 長崎本線 鳥栖~肥前山口
53%
Train Simulator+電車でGO!東京急行編 東京急行電鉄田園都市線 渋谷→中央林間
53%
電車でGO!プロフェッショナル仕様 東海道線 品川→横浜/品川→横浜・京都→大阪
51%
電車でGO!プロフェッショナル2 予讃線 高松~多度津
49%
Train Simulator+電車でGO!東京急行編 東京急行電鉄大井町線 大井町→二子玉川
49%
モバイル版 京浜急行電鉄本線 品川→京急蒲田
44%
電車でGO!プロフェッショナル2 佐世保線 肥前山口~佐世保
43%
Train Simulator+電車でGO!東京急行編 東京急行電鉄目黒線 奥沢→大岡山
42%
汽車でGO! 磐越西線 新津→津川/郡山→会津若松
39%
電車でGO!プロフェッショナル2 土讃線 多度津~琴平
39%
電車でGO!名古屋鉄道編 名古屋鉄道各務原線 田神→新岐阜
38%
電車でGO!プロフェッショナル2 鶴見線 鶴見~海芝浦/鶴見~大川/鶴見~扇町
35%
電車でGO!プロフェッショナル2 大村線 早岐~ハウステンボス
32%
電車でGO!名古屋鉄道編 名古屋鉄道美濃町線 日野橋→競輪場前
31%
電車でGO!がんばれ運転士!!/旅情編 江ノ島電鉄線 藤沢~鎌倉
31%
モバイル版 江ノ島電鉄線 鎌倉→江ノ島
31%
電車でGO!3通勤編 篠栗線 篠栗→博多
30%
モバイル版 函館本線 手稲→小樽
29%
電車でGO!旅情編 函館市交通局本線 函館駅前~函館どつく前
27%
モバイル版 京浜急行電鉄空港線 京急蒲田→羽田空港
26%
モバイル版 小田急電鉄小田原線 新宿→小田原
26%
電車でGO!名古屋鉄道編 名古屋鉄道田神線 競輪場前→田神
19%
電車でGO!旅情編 函館市交通局湯の川線 湯の川~松風町
19%
電車でGO!名古屋鉄道編 名古屋鉄道モンキーパークモノレール線 犬山遊園→動物園
18%
電車でGO!旅情編 京福電鉄北野線 帷子ノ辻~北野白梅町
18%
電車でGO!旅情編 京福電気鉄道嵐山本線 四条大宮~嵐山
16%
電車でGO!がんばれ運転士!!/旅情編 伊予鉄道城北線 古町~平和通一丁目
10%
電車でGO!がんばれ運転士!!/旅情編 伊予鉄道城南線 道後温泉~西堀端
10%
電車でGO!がんばれ運転士!!/旅情編 伊予鉄道大手町線 西堀端~古町
10%
電車でGO!がんばれ運転士!!/旅情編 伊予鉄道本町線 西堀端~本町六丁目
10%
モバイル版 東京メトロ千代田線 表参道→代々木上原
10%
電車でGO!がんばれ運転士!!/旅情編 伊予鉄道花園線 松山市駅~南堀端
9%
モバイル版 箱根登山鉄道鉄道線 小田原→箱根湯本
9%
電車でGO!がんばれ運転士!!/旅情編 伊予鉄道連絡線 平和通一丁目~上一万
8%
電車でGO!旅情編 函館市交通局大森線 松風町~函館駅前
8%
電車でGO!旅情編 函館市交通局宝来・谷地頭線 十字街~谷地頭
6%
モバイル版 シカゴ・L brownline 環状・外回り
5%
No matching quizzes found
Score Distribution
Percent of People with Each Score
Percentile by Number Answered
Your Score History
You have not taken this quiz